000 00219 a2200097 4500
001 28728
100 _aBoschen, L
245 _aComputer circuit projects you can buuild
260 _a
_bHoward
_c
090 _c19181
_d19181
942 _aNUST-CAE
_cM
_c10204
999 _c263801
_d263801